Braille Alphabets - Statistics

General Stats
  • This quiz has been taken 6,633 times
  • The average score is 19 of 26
Answer Stats
Picture Answer % Correct
A
82%
B
80%
C
79%
E
78%
L
78%
G
76%
D
75%
I
75%
O
75%
F
74%
H
74%
K
74%
Q
74%
T
74%
W
74%
X
74%
J
73%
R
73%
M
72%
N
72%
P
72%
V
72%
Y
72%
S
70%
U
70%
Z
70%
No matching quizzes found
Score Distribution
Percent of People with Each Score
Percentile by Number Answered
Your Score History
You have not taken this quiz